Song Title to Artist Click Quiz - Country - Statistics

General Stats
  • This quiz has been taken 197 times
  • The average score is 10 of 20
Answer Stats
Hint Answer % Correct
Jolene Dolly Parton
93%
Ring of Fire Johnny Cash
84%
Take Me Home, Country Roads John Denver
81%
Man! I Feel Like a Woman! Shania Twain
78%
Before He Cheats Carrie Underwood
71%
On The Road Again Willie Nelson
66%
Friends in Low Places Garth Brooks
64%
Tennessee Whiskey Chris Stapleton
50%
Chattahoochee Alan Jackson
47%
I'm So Lonesome I Could Cry Hank Williams
45%
Neon Moon Brooks & Dunn
44%
Something In the Orange Zach Bryan
39%
Springsteen Eric Church
37%
Fancy Reba McEntire
37%
Amarillo By Morning George Strait
36%
Whiskey Glasses Morgan Wallen
35%
When It Rains It Pours Luke Combs
34%
Something Like That Tim McGraw
34%
Dirt Road Anthem Jason Aldean
31%
Should've Been a Cowboy Toby Keith
31%
No matching quizzes found
Score Distribution
Percent of People with Each Score
Percentile by Number Answered
Your Score History
You have not taken this quiz